| 000 | 00820na a2200265 4500 | ||
|---|---|---|---|
| 001 | 16108 | ||
| 003 | MIRAKIL | ||
| 005 | 20181213155104.0 | ||
| 008 | 161013b tu 000 0 | ||
| 020 | _a9754581371 | ||
| 035 | _a16108 | ||
| 040 |
_aMilas _btur _cTR-AnCHP |
||
| 041 | _atur | ||
| 082 |
_a817 _bÖ53t 1998 |
||
| 090 | _a817 Ö53t 1998 | ||
| 100 | _aÖngören, Ferit | ||
| 245 |
_aTürk mizahı ve hicvi _cFerit Öngören |
||
| 260 |
_aİstanbul _bTürkiye İş Bankası Kültür Yayınları _c1998 |
||
| 300 |
_a287 s. _bres. _c24 sm. |
||
| 440 |
_aTürkiye İş Bankası Kültür Yayınları Genel yayın _v405 |
||
| 490 |
_aCumhuriyet _v16 |
||
| 500 | _aYapıt adı başında: Cumhuriyetin 75. yılında | ||
| 650 |
_aTürk edebiyatı _xHiciv ve mizah _yAraştırma ve inceleme |
||
| 942 |
_2ddc _cBKS |
||
| 999 |
_c6338 _d6338 |
||